Zákon č. 578/1991 Zb. z 21. decembra 1991 o štátnom rozpočte federácie na rok 1992 a o zmene daňových a niektorých ďalších zákonov. Vybrané časti.

Zákon č. 578/1991 Zb. z 21. decembra 1991 o štátnom rozpočte federácie na rok 1992 a o zmene daňových a niektorých ďalších zákonov (Vybrané časti). Výklad FMPSV, MPSV ČR a MPSV SR k novele zákona č. 1/1991 Zb., v znení zákona č. 305/1991 Zb., a zákona č. 578/1991 Zb., o štátnom rozpočte federácie na...

Descrizione completa

Salvato in:
Dettagli Bibliografici
Natura: Capitolo di libro
Lingua:slovacco
Soggetti:
Tags: Aggiungi Tag
Nessun Tag, puoi essere il primo ad aggiungerne!!

MARC

LEADER 00000naa a2200000 4500
001 r008955
005 20220831084822.7
041 0 |a slo 
044 |a [CS] 
245 1 0 |a Zákon č. 578/1991 Zb. z 21. decembra 1991 o štátnom rozpočte federácie na rok 1992 a o zmene daňových a niektorých ďalších zákonov.  |b Vybrané časti. 
520 |a Zákon č. 578/1991 Zb. z 21. decembra 1991 o štátnom rozpočte federácie na rok 1992 a o zmene daňových a niektorých ďalších zákonov (Vybrané časti). Výklad FMPSV, MPSV ČR a MPSV SR k novele zákona č. 1/1991 Zb., v znení zákona č. 305/1991 Zb., a zákona č. 578/1991 Zb., o štátnom rozpočte federácie na rok 1992 a o zmene daňových a niektorých ďalších zákonov. 
610 2 0 |a zákony 
610 2 0 |a ČSFR 
610 2 0 |a 1991 
610 2 0 |a rozpočet štátny 
610 2 0 |a dane